000 00943nam a2200301 i 4500
001 18722
003 ES-MaACL
005 20250901102755.0
007 t|
008 020307s2001 sp ||||1| spa d
020 _a84-306-0446-4
080 _a658.8:004.738.5
080 _a004.738.5:338.4
100 1 _aTapscott, Don.
_9109255
245 1 0 _aCapital digital
_b: el poder de las redes de negocios /
_cDon Tapscott, David Ticoll y Alex Lowy ; traducción de María Cóndor.
260 _aMadrid :
_bTaurus,
_c[2001]
300 _a343 p. ;
_c25 cm.
490 1 _aTaurusesdigital
500 _aIndices.
650 1 7 _aComercio electrónico
_2embne
_911167
650 1 4 _aInternet-
_xAspectos económicos.
_913874
700 1 _aTicoll, David.
_9110220
700 1 _aLowy, Alex.
_974395
700 1 _aCóndor Orduña, María.
_940150
830 0 _aTaurusesdigital
_9228822
852 _aES-MaACL
_jL-25297
999 _c18722
_d18722